MDQL
is popping MORE tags! Check the
thread
!
Quizzes
Events
Quiz Creation
Community
Videos
Private Events
Remove Ads
Sign In
Join for FREE
Feedback
Dark Mode
Quiz Categories
Sports
Geography
Music
Movies
Television
Just For Fun
Miscellaneous
History
Literature
Language
Science
Gaming
Entertainment
Religion
Holiday
For Kids
Quiz Lab
Recent
Popular Today
Quiz Kudos Today
Editor Picks
Curator Picks
Quizzes by...
Day
Popularity
Type
Ratings
Length
Year
Community
Subscriptions
Recent Discussions
Orange Saloon
Badges
Playlists
Quests
Create
Leaderboards
Showdown
Live 5
Trivia Bingo
Activity
Puzzle Library
Sporcle Events
Private Events
Virtual Trivia
Globe League
Become a Host
Pub Owners
SporcleCon
Opinionation
Our Games
Videos
Blog
Mobile Apps
Partnerships
Remove Ads and Go Orange
Feedback
Sports
Athletes
MLB
NBA
NHL
NFL
Soccer
Sports Teams
WWE
NCAA
Football
Premier League
Basketball
Baseball
Hockey
Golf
Tennis
Cricket
Rugby
Auto Racing
Olympics
World Cup
Sports
Athletes
MLB
NBA
NHL
NFL
Soccer
Sports Teams
WWE
NCAA
Football
Premier League
Basketball
Baseball
Hockey
Golf
Tennis
Cricket
Rugby
Auto Racing
Olympics
World Cup
Random Quiz
Search Sporcle
×
Quiz Lab
Quiz Lab
Sports
Football
Type in answers that appear in a list
Type in answers that appear in a list
Classic
Best Score? Go Orange.
British Football Transfer Records Stats
Can you name the British Football Transfer Records?
By
ateweston85
14m
48 Questions
422 Plays
422 Plays
422 Plays
Comments
Comments
Give Quiz Kudos
Give Quiz Kudos
-
- Ratings
hide this ad
More Info
Replay
Link that replays current quiz
Next Quiz
Link to next quiz in quiz playlist
You Got
0%
They Got
Avg Score
42%
Avg Friend Score
Upgrade to see
Score Distribution
Jump to the score distribution portion of the page
Score
0/48
Timer
14:00
0
Plays Today
Year
Player
% Correct
2013
Gareth Bale
95%
2009
Cristiano Ronaldo
93.4%
1996
Alan Shearer
91.9%
2002
Rio Ferdinand
90.5%
1995
Andy Cole
85.5%
2001
Juan Sebastian Veron
83.2%
2006
Andriy Shevchenko
81.8%
1995
Dennis Bergkamp
80.6%
1987
Ian Rush
80.1%
2008
Robinho
78.9%
1986
Mark Hughes
78%
1995
Stan Collymore
77.7%
1999
Nicolas Anelka
74.9%
1979
Trevor Francis
73.9%
1977
Kevin Keegan
73.2%
1989
Chris Waddle
72%
1981
Bryan Robson
70.6%
1991
David Platt
69.9%
1961
Denis Law
60.7%
1962
Denis Law
60.7%
1979
Andy Gray
54.3%
1957
John Charles
51.4%
1970
Martin Peters
44.5%
1971
Alan Ball
42.9%
Year
Player
% Correct
1979
Steve Daley
34.8%
1968
Allan Clarke
30.8%
1969
Allan Clarke
30.8%
1974
Bob Latchford
30.6%
1938
Bryn Jones
22.5%
1905
Alf Common
18.5%
1947
Tommy Lawton
16.6%
1928
David Jack
16.1%
1972
David Nish
13.5%
1979
David Mills
11.1%
1948
Len Shackleton
10.7%
1955
Eddie Firmani
7.8%
1949
Johnny Morris
5.9%
1951
Jackie Sewell
5.2%
1893
Willie Groves
2.8%
1950
Trevor Ford
2.8%
1922
Syd Puddefoot
1.7%
1925
Bob Kelly
1.4%
1947
Billy Steel
1.4%
1904
Andy McCombie
0.9%
1914
Percy Dawson
0.7%
1949
Eddie Quigley
0.7%
1913
George Utley
0.5%
1922
Warney Cresswell
0.5%
Quiz Playlist
Details
Report
Send in Message
Add To Playlist
More Info:
Name the record breakers of the highest football transfer fees involving British clubs
Classic:
Type in answers that appear in a list
Last Updated: Feb 16, 2017
Quiz Scoreboard
CHALLENGE
Sign Up to Join the Scoreboard
Show All
Scores
Hide
Comments
May contain spoilers
Recently Published
Colored Red Africa Blitz
by spor1
Geography
30s
Find the 'City' Movie
by crazypaving
Movies
60s
5x2 Blitz: Bands
by SL_Kpop136
Music
30s
More to Explore
Quiz From the Vault
Featured Blog Post
14 Easter Pick-up Lines to Find Eggs With
hide this ad
You Might Also Like...
Tags
Football Quiz
British
British Football
Player
record
Transfer
Today's Top Quizzes in Sports
Browse Sports
hide this ad
Today's Top Quizzes in Football
Browse Football
Top Contributed Quizzes in Sports
1
Players with Multiple 50 Home Run Seasons
2
Criteria MLB: Left Handed Sluggers
3
MLB Players with Two .350 Batting Average Seasons
4
Who Hit More Homers?
5
Premier League Clubs since 2000 (minefield)
6
Who Needs Fielders?
7
2020 F1 Drivers Logic Puzzle
8
Les entraîneurs de l'OM et du PSG au 21e siècle
9
Top 10 NHL Goal Scorers of All Time
10
MLB Hall of Famer by Rings
Explore More
Trending Topics
Harry Potter
Crossword
Disney
NBA
Kpop
Marvel
Anime
Country
Soccer
NFL
Song
WWE
The Office
Pokémon
Puzzle
hide this ad
More By:
ateweston85
Quiz
Plays
Rating
Category
Featured
Created
Premier League Hattricks
8,623
4.86
Sports
Nov 22, 2012
Player and Manager in Premier League
5,752
4.55
Sports
Oct 27, 2012
WhatCulture Top 100 WWE Matches
5,601
4.18
Sports
Nov 4, 2016
Serie A Champions XI
4,820
4.47
Sports
Feb 26, 2013
England Test Cricket Records
4,633
4.78
Sports
Jul 3, 2012
Go to Creator's Profile
Score Distribution
Quiz Creator Spotlight
ateweston85
Follow
Send a Message
Quizzes Created
-
Created Quiz Play Count
-
More By This Creator
Popular Quizzes Today
1
Find the 'City' Movie
2
5x2 Blitz: Bands
3
Colored Red Africa Blitz
4
Find the US States - No Outlines Minefield
5
The Countries of the World
6
Find the US States
7
9x9 Crossword: Cartoon Network
8
US States
More Sports Quizzes
2022 MLB Home Run Leaders Image Minefield
Curator's Pick
Trending Quizzes
Colored Red Europe Blitz I
Colored Red Africa Blitz II
Colored Red Europe Blitz III
Colored Red Europe Blitz II
Colored Red Africa Blitz III
Recently Updated
Champions League XIs: Real Madrid
pecheneg
Largest US Cities 1790-2010
pecheneg
Rides in Walt Disney World
pecheneg
Most Oscar Losses (Acting)
pecheneg
Beyoncé Albums
pecheneg
Leaping Animals
pecheneg
Reality TV Shows (A-Z)
bhenderson79
Rickey Henderson's Hall of Fame Teammates
pecheneg
Champions League XIs: Arsenal
pecheneg
Quick Pick: Celebrities in WWE's Hall of Fame
aduchscher
Trending Topics
Crossword
Kpop
Anime
Harry Potter
Disney
NBA
Marvel
Soccer
WWE
Country
The Office
NFL
Pokémon
Song
Puzzle
Your Account Isn't Verified!
In order to create a playlist on Sporcle, you need to verify the email address you used during registration. Go to your
Sporcle Settings
to finish the process.
Report this User
Report this user for behavior that violates our
Community Guidelines
.
Details:
Send Report
Go to the Sporcle.com Mobile Site →
Comments